000 00760nam a2200241Ia 4500
003 OSt
005 20220923213245.0
006 a|||||r|||| 00| 0
007 ta
008 220922b |||||||| |||| 00| 0 hin d
024 _a160,250
037 _cTextual
040 _aARTS
_cARTS
_bhin
041 _2hin
_ahin
082 _aO152,3:g, L3
100 _aखोसला, माधुरी
_9156318
245 0 _aहिन्दी के लधु उपन्यासों का शिल्प
246 _aHindī ke ladhu upanyāsoan kā shilpa
260 _c1973
650 _aहिन्दी साहित्य
_9156264
942 _hO152,3:g, L3
_cTEXL
_2CC
999 _c314997
_d314997